الإسكان في الأردن / (رقم التسجيلة. 20594)

تفاصيل مارك
000 -الفاتح
عناصر البيانات ثابتة الطول 00715cam a2200193 i 4500
005 - تاريخ ووقت آخر معاملة
حقل ضبط 20260128104520.0
008 - عناصر البيانات ثابتة الطول
عناصر البيانات ثابتة الطول 250721s1993 jo gr 000 0 ara d
082 14 - رقم تصنيف ديوي العشري
رقم التصنيف 363.509565
رقم المادة ن ا ب
100 1# - مدخل رئيسي – اسم شخصي
الاسم الشخصي النابلسي، حمد الله
علاقة الشخص بالعمل/ دوره مؤلف.
245 12 - بيان العنوان
العنوان الإسكان في الأردن /
بيان المسؤولية المهندس حمد الله النابلسي.
264 31 - بيانات النشر، التوزيع…إلخ
مكان النشر، التوزيع...إلخ عمان :
اسم الناشر، الموزع...إلخ لجنة تاريخ الأردن،
تاريخ النشر، التوزيع...إلخ 1993.
300 ## - الوصف المادي
عدد الوحدات المكونة للوعاء 74 صفحة.
490 0# - بيان السلسلة
عنوان السلسلة الكتاب الأم في تاريخ الأردن ؛
رقم الوعاء في السلسلة رقم 12.
650 17 - مدخل إضافي بالموضوع - مصطلح موضوعي
مصطلح موضوعي أو اسم جغرافي كعنصر مدخل الإسكان.
650 17 - مدخل إضافي بالموضوع - مصطلح موضوعي
مصطلح موضوعي أو اسم جغرافي كعنصر مدخل الأردن.
830 #0 - مدخل إضافي بالسلسلة-عنوان مقنن
عنوان السلسسلة الكتاب الأم في تاريخ الأردن.
942 ## - بيانات إضافية (كوها)
نوع التنصيف Dewey Decimal Classification
نوع المادة (كوها) كتب
المقتنيات
حالة السحب حالة الفقدان مصدر التصنيف حالة التلف غير قابل للإعارة المكتبة الرئيسية المكتبة الحالية موقع الرف تاريخ التزويد الرقم المتسلسل Total Checkouts رقم الإستدعاء الباركود تاريخ آخر ظهور تاريخ الفاتورة نوع المادة (كوها)
    Dewey Decimal Classification     المكتبة المركزية المكتبة المركزية الإعارة 06/07/2004 175136   363.509565 / ن ا ب 175136 28/07/2025 06/07/2004 كتب
    Dewey Decimal Classification     المكتبة المركزية المكتبة المركزية مقتنيات قسم التزويد 28/07/2025 1739817   363.509565/ناب   28/07/2025 28/07/2025 كتب
    Dewey Decimal Classification Unchecked   مكتبة الأميرة ايمان العامة مكتبة الأميرة ايمان العامة الإعارة 06/07/2004 2002   363.509565/ناب   28/07/2025 06/07/2004 كتب
    Dewey Decimal Classification Unchecked   مكتبة الأميرة ايمان العامة مكتبة الأميرة ايمان العامة الإعارة 06/07/2004 92   363.509565/ناب   28/07/2025 06/07/2004 كتب
    Dewey Decimal Classification Unchecked   مكتبة الاميرة بديعة مكتبة الاميرة بديعة الإعارة 06/07/2004 3455   363.509565/ناب   28/07/2025 06/07/2004 كتب
    Dewey Decimal Classification Unchecked   مكتبة الجويدة مكتبة الجويدة الإعارة 06/07/2004 3213   363.509565/ناب   28/07/2025 06/07/2004 كتب
    Dewey Decimal Classification     مكتبة الحسن العامة مكتبة الحسن العامة الإعارة 14/09/2018 07141   363.509565/ناب PLD00431682 28/07/2025 14/09/2018 كتب
    Dewey Decimal Classification   Not For Loan مكتبة تاريخ الأردن مكتبة تاريخ الأردن لا يعار 10/11/2009 1329896   363.509565/ناب PLD00118120 28/07/2025 10/11/2009 كتب
    Dewey Decimal Classification     مكتبة صويلح العامة مكتبة صويلح العامة الإعارة 30/04/2019 {6712}   363.509565/ناب PLD00452143 28/07/2025 30/04/2019 كتب
    Dewey Decimal Classification     مكتبة وادي السير العامة مكتبة وادي السير العامة الإعارة 03/07/1980 [3921].........   363.509565/ناب PLD00373005 28/07/2025 03/07/1980 كتب
Implemented & Customized by: BBB with SCIT (Smart Chains for Information Technology)

Powered by Koha